生態学辞典= Encyclopedia of ecology
Salvato in:
| Natura: | Libro |
|---|---|
| Lingua: | Undetermined |
| Pubblicazione: |
Japan
土井庄一郎
1971
|
| Soggetti: | |
| Tags: |
Aggiungi Tag
Nessun Tag, puoi essere il primo ad aggiungerne! !
|
| Thư viện lưu trữ: | Trung tâm Học liệu Trường Đại học Cần Thơ |
|---|
| LEADER | 00490nam a2200181Ia 4500 | ||
|---|---|---|---|
| 001 | CTU_237145 | ||
| 008 | 210402s9999 xx 000 0 und d | ||
| 082 | |a 577.03 | ||
| 082 | |b E56 | ||
| 245 | 0 | |a 生態学辞典= | |
| 245 | 0 | |b Encyclopedia of ecology | |
| 260 | |a Japan | ||
| 260 | |b 土井庄一郎 | ||
| 260 | |c 1971 | ||
| 650 | |a Ecology,Sinh thái học | ||
| 650 | |x Dictionaries,Từ điển | ||
| 904 | |i Tuyến | ||
| 980 | |a Trung tâm Học liệu Trường Đại học Cần Thơ | ||